Logo BPK

Bibliografia Prac Pracowników

Politechniki Koszalińskiej

Automatyzacja pomiarów charakterystyk układów elektronicznych z wykorzystaniem urządzeń wyposażonych w łącze GPIB / (Rekord nr 564)

Szczegóły MARC
000 -ETYKIETA REKORDU
podpole kontrolne o stałej długości 01780naa a2200253 i 4500
001 - NUMER KONTROLNY REKORDU
podpole kontrolne 564
003 - IDENTYFIKATOR NUMERU KONTROLNEGO REKORDU
podpole kontrolne KOSZ 005
005 - DATA OSTATNIEJ MODYFIKACJI REKORDU
podpole kontrolne 20180427113006.0
008 - POLE O STAŁEJ DŁUGOŚCI - DANE KONTROLNE
podpole kontrolne o stałej długości 151114s2006 pl f |100 0 pol
040 ## - ŹRÓDŁO KATALOGOWANIA
Instytucja, która utworzyła rekord BPK
Instytucja, która dokonała modyfikacji KOSZ 005/EG
080 ## - UNIWERSALNA KLASYFIKACJA DZIESIĘTNA - UKD
UKD 681.5
100 1# - NAZWA OSOBOWA
Nazwa osobowa MADEJ, Wiesław.
Lata pracy 1997 - .
Instytucja Politechnika Koszalińska - Wydział Elektroniki i Informatyki,
Wydział Katedra Systemów Cyfrowego Przetwarzania Sygnałów
245 10 - TYTUŁ/ODPOWIEDZIALNOŚĆ
Tytuł Automatyzacja pomiarów charakterystyk układów elektronicznych z wykorzystaniem urządzeń wyposażonych w łącze GPIB /
Pozostałe elementy strefy tytułu i oznaczenia odpowiedzialności Wiesław Madej, Marek Rubanowicz, Józef Drabarek.
500 ## - UWAGI OGÓLNE
Tekst uwagi Dane z autopsji.
520 ## - UWAGA DOTYCZĄCA TREŚCI DOKUMENTU
Analiza dokumentacyjna, adnotacja itp. W pracy przedstawiono możliwości jakie stwarza wykorzystanie urządzeń wyposażonych w interfejs GPIB do automatycznego przeprowadzania pomiarów parametrów układów elektronicznych. Przedstawiono możliwości pomiaru charakterystyk statycznych i częstotliwościowych charakterystyk amplitudowych.
650 #0 - HASŁO PRZEDMIOTOWE W FORMIE NAZWY OGÓLNEJ LUB JEDNOSTKOWEJ
Nazwa ogólna lub geograficzna Automatyzacja.
650 #0 - HASŁO PRZEDMIOTOWE W FORMIE NAZWY OGÓLNEJ LUB JEDNOSTKOWEJ
Nazwa ogólna lub geograficzna Elektronika.
655 #0 - TERMIN INDEKSOWY - OKREŚLENIE RODZAJU/FORMY DOKUMENTU
Określnie rodzaju/formy dokumentu Materiały konferencyjne.
700 1# - HASŁO DODATKOWE - NAZWA OSOBOWA
Nazwa osobowa RUBANOWICZ, Marek.
Lata pracy 1996 - .
Instytucja Politechnika Koszalińska - Wydział Elektroniki i Informatyki,
Wydział Katedra Systemów Cyfrowego Przetwarzania Sygnałów
700 1# - HASŁO DODATKOWE - NAZWA OSOBOWA
Nazwa osobowa DRABAREK, Józef.
Lata pracy 1997 - .
Instytucja Politechnika Koszalińska - Wydział Elektroniki i Informatyki, -
Wydział Katedra Systemów Cyfrowego Przetwarzania Sygnałów
711 22 - HASŁO DODATKOWE - NAZWA IMPREZY
Nazwa imprezy Krajowa Konferencja Elektroniki
Oznaczenie części/sekcji dzieła (5 ;
Data imprezy 2006 ;
Miejsce imprezy Darłówko Wschodnie, Polska).
Nazwa części/sekcji dzieła KKE'2006
773 0# - TYTUŁ DOKUMENTU MACIERZYSTEGO
Wyrażenie wprowadzające W :
Tytuł Piąta Krajowa Konferencja Elektroniki : materiały konferencji. T. 2/2 / kom. red. Włodzimierz Janke - przewodn., Maciej Bączek, Stefan Łuczak. -
Adres wydawniczy Koszalin : Wydaw. Uczelniane Politechniki Koszalińskiej, 2006. -
Informacje dotyczące relacji s. 517-522
942 ## - HASŁO DODATKOWE - ELEMENTY(KOHA)
Typ dokumentu Rozdział
Schemat klasyfikacji Uniwersalna klasyfikacja dziesiętna
Egzemplarze
Wycofany Zagubiony Uszkodzony Dostępność Lokalizacja stała Lokalizacja bieżąca Sygnatura Typ dokumentu
      Dostępny Bibliografia Prac Pracowników - BPK Bibliografia Prac Pracowników - BPK 79613 Rozdział
© 2014 Biblioteka Politechniki Koszalińskiej :: BIBLIOGRAFIA PRAC PRACOWNIKÓW